000 00689nam a2200217 i 4500
001 29372
003 ES-MaACL
005 20250819052224.0
007 t|
008 030121s1980 sp |||| | spa d
100 1 _aBallestero, Enrique.
_925030
245 1 3 _aEl encuentro de las ciencias sociales
_b: (un ensayo de metodología) /
_cEnrique Ballestero.
260 _a[Madrid] :
_bAlianza,
_c[1980]
300 _a134 p. ;
_c20 cm.
490 1 _aAlianza universidad ;
_v272
650 0 4 _aCiencias sociales-
_xMetodología
_910996
650 0 4 _aHistoria-
_xMetodología.
_913381
830 0 _aAlianza universidad ;
_v272
_9177276
852 _aES-MaACL
_jL-526
999 _c29372
_d29372